Записная книжка Кони, озаглавленная "Некрологические заметки" со вложением газетных вырезок

Доступно только в Электронных читальных залах Найти на картеНа карте
RUSMARC
00003833nac2a22002531x 450
001dde03e7c-dada-46bd-82bd-f63e5a23c236
00520131007233437.0
100##$a20130529l1927 k y0rusy50 ca
1010#$arus
102##$aRU
105##$ay z |||||
2001#$aЗаписная книжка Кони, озаглавленная "Некрологические заметки" со вложением газетных вырезок
$j[19--]
215##$a40 листов
251##$cДело
300##$aЗаголовок дела на папке: Записная книжка Кони А. Ф. с подписью "Некрологические заметки" с вложением газетных вырезок
300##$aЧасть текста рукописная, часть - напечатана типографским способом
330##$aДокументальные материалы, отложившиеся в результате творческой деятельности А. Ф. Кони; Биографические очерки, написанные А. Ф. Кони
461#0$10013a54f2e3-e9cf-409b-80fa-f0a9bd3c40cb
$12001
$aКони Анатолий Федорович, юрист, литератор, член академии наук, председатель Санкт-Петербургского окружного суда, член государственного совета
$1251
$cФонд
$1852
$j564
462#0$100178a475cd-a47d-4377-bff3-cee4b81de655
$12001
$aОпись дел фонда А. Ф. Кони за 1880-1931 гг.
$1251
$cОпись
$1852
$j1
517##$aЗаписная книжка Кони А. Ф. с подписью "Некрологические заметки" с вложением газетных вырезок
600#1$aКони
$bА. Ф.
$f1844-1927
$gАнатолий Федорович
801#0$aRU
$bGA_RF
801#1$aRU
$bНПО Опыт
$c20130529
$2rusmarc
801#2$aRU
$bПБ им. Б.Н. Ельцина
$c20131007
$gRCR
$2rusmarc
852##$aГА РФ
$j112
937##$d38130642
$hПБ
035##$aRuPRLIB51000593
Формат отображения